LEADER 00802oam 2200217z- 450 001 996280144503316 010 $a1-4799-4860-8 035 $a(CKB)3780000000082492 035 $a(EXLCZ)993780000000082492 100 $a20220628c2014uuuu -u- - 101 0 $aeng 200 00$aComputer and Information Science (ICIS), 2014 IEEE/ACIS 13th International Conference on 210 $cIEEE 311 $a1-4799-4859-4 517 $a2014 IEEE/ACIS 13th International Conference on Computer and Information Science 517 $a2014 IEEE/ACIS 13th International Conference on Computer and Information Science (ICIS) 517 $aComputer and Information Science 906 $aPROCEEDING 912 $a996280144503316 996 $aComputer and Information Science (ICIS), 2014 IEEE$92538572 997 $aUNISA LEADER 01373oam 2200397Ia 450 001 9910699632803321 005 20101115103649.0 035 $a(CKB)5470000002404610 035 $a(OCoLC)227952479 035 $a(EXLCZ)995470000002404610 100 $a20080513d2001 ua 0 101 0 $aeng 135 $aurbn||||||||| 181 $ctxt$2rdacontent 182 $cc$2rdamedia 183 $acr$2rdacarrier 200 10$aFluorescence spectra of individual flowing airborne biological particles measured in real time$b[electronic resource] /$fRonald G. Pinnick ... [and others] 210 1$aAdelphi, MD :$cArmy Research Laboratory,$d[2001] 215 $a1 online resource (iv, 25 pages) $cillustrations 225 1 $aARL-TR ;$v1961 300 $aTitle from PDF title screen (viewed on Nov. 15, 2010). 300 $a"February 2001." 320 $aIncludes bibliographical references (pages 17-19). 606 $aFluorescence 606 $aAerosol propellants 615 0$aFluorescence. 615 0$aAerosol propellants. 700 $aPinnick$b R. G$01388352 712 02$aU.S. Army Research Laboratory. 801 0$bDTICE 801 1$bDTICE 801 2$bGPO 906 $aBOOK 912 $a9910699632803321 996 $aFluorescence spectra of individual flowing airborne biological particles measured in real time$93469782 997 $aUNINA LEADER 02501nam2 22003853i 450 001 MIL0087634 005 20251003044222.0 010 $a8814058342$brist. anno indeterminato 020 $aIT$b1956 13688 090 $a521885 100 $a19920310d1956 ||||0itac50 ba 101 | $aita 102 $ait 181 1$6z01$ai $bxxxe 182 1$6z01$an 183 1$6z01$anc$2RDAcarrier 200 1 $aˆ19: L'‰ipoteca immobiliare e mobiliare$fDomenico Rubino 210 $aMilano$cA. Giuffrè$d1956 215 $aXV, 585 p.$d25 cm. 461 1$1001CFI0035976$12001 $aTrattato di diritto civile e commerciale$fgià diretto da Antonio Cicu, Francesco Messineo$gcontinuato da Luigi Mengoni$g[poi] già diretto da Antonio Cicu, Francesco Messineo, Luigi Mengoni$gcontinuato da Piero Schlesinger$v19 500 10$aˆL'‰ipoteca immobiliare e mobiliare.$3MSE0070272$9CFIV118524$9612559 606 $aIpoteche$2FIR$3CFIC066731$9I 676 $a346.04$9DIRITTO PRIVATO. Proprietà$v14 676 $a346.4504364$9DIRITTO DELLA PROPRIETA' IMMOBILIARE. IPOTECHE. ITALIA$v22 676 $a346.4507$9DIRITTO COMMERCIALE. Italia$v22 696 $aCredito ipotecario 699 $aIpoteche$zCredito ipotecario 700 1$aRubino$b, Domenico$3CFIV118524$4070$0227990 801 3$aIT$bIT-000000$c19920310 850 $aIT-BN0095 $aIT-NA0438 $aIT-NA0070 $aIT-CE0068 $aIT-AV0004 $aIT-BN0015 912 $aMIL0087634 950 2$aBiblioteca Centralizzata di Ateneo$cv. 1;3-4;v. 1-4;1.1-3.1;4;5.1;6.1.1-6.2-6.3;7-8.2;9.3;10-11.2-14.2;16.1-16.2;18.3;19;21.1-23;24.1-24.2; 25.2;26.1;26.2.1;26.2.1;26.3-26.4;27.1-27.2.1;28(3. copia);30.1-30.3;31.1-31.3;32;34(2. copia);35.1;37.1-38.1;39.1;41.3;42;43.1-43.2;48(2. copia)-51;53-55;62.2;$d 01TRA 31 TRADDC$e 01AR 0700279265 VMA (00019 bis v. 19 (2. copia. - Precedente collocazione 346.45 TRA)$fB $h20250310$i20250310$cv. 1;3-4;v. 1-4;1.1-3.1;4;5.1;6.1.1-6.2-6.3;7-8.2;9.3;10-11.2-14.2;16.1-16.2;18.3;19;21.1-23;24.1-24.2; 25.2;26.1;26.2.1;26.2.1;26.3-26.4;27.1-27.2.1;28(3. copia);30.1-30.3;31.1-31.3;32;34(2. copia);35.1;37.1-38.1;39.1;41.3;42;43.1-43.2;48(2. copia)-51;53-55;62.2;$d 01TRA 31 TRADDC$e 01S 0090022625 VMA (00019 v. 19$fB $h20250310$i20250310 977 $a 01$a BD$a BU$a CP$a DV$a PB 996 $aIpoteca immobiliare e mobiliare$9612559 997 $aUNISANNIO